Statistics for Spanish Vocabulary Words That Start With N

Click here to take the quiz!

General Stats

  • This quiz has been taken 2,478 times
  • The average score is 23 of 29

Answer Stats

English español % Correct
blacknegro
98%
nightnoche
98%
namenombre
96%
wenosotros
95%
to swimnadar
93%
newnuevo
93%
Novembernoviembre
93%
Christmasnavidad
92%
girlfriendnovia
91%
numbernúmero
89%
northnorte
89%
kidniño
88%
nevernunca
87%
to neednecesitar
87%
ournuestro
86%
nosenariz
84%
normallynormalmente
79%
nationalitynacionalidad
78%
nervousnervioso
77%
novelnovela
75%
nobodynadie
75%
snownieve
68%
levelnivel
67%
granddaughternieta
67%
to snownevar
62%
newsnoticias
59%
businessnegocios
47%
birthnacimiento
47%
fogniebla
39%

Score Distribution

Percentile by Number Answered

Percent of People with Each Score

Your Score History

You have not taken this quiz